Più che amiche : manuale di autoaiuto per donne che amano le donne /
Enregistré dans:
| Auteur principal: | |
|---|---|
| Autres auteurs: | |
| Format: | Livre |
| Langue: | italien |
| Publié: |
Roma :
Castelvecchi,
2006
|
| Collection: | Le navi ;
34 |
| Sujets: | |
| Tags: |
Pas de tags, Soyez le premier à ajouter un tag!
|
MARC
| LEADER | 00000nam a22000007i 4500 | ||
|---|---|---|---|
| 001 | IT\ICCU\LO1\1068435 | ||
| 003 | ItRI | ||
| 005 | 20260206234052.0 | ||
| 008 | 060717s2006 it |||||| ||||| |||||c | ||
| 020 | |a 887615129X | ||
| 020 | |a 9788867761104 | ||
| 040 | |b ita |c mi | ||
| 041 | 7 | |a ita |2 ISO-639-2 | |
| 082 | |a 155.34 |2 21 | ||
| 100 | 1 | |a Quiles, Jennifer |0 IT\ICCU\LO1V\318162 |4 aut | |
| 240 | 1 | 0 | |a Mas que amigas. |9 Quiles, Jennifer |
| 245 | 1 | 0 | |a Più che amiche : |b manuale di autoaiuto per donne che amano le donne / |c Jennifer Quiles ; traduzione di Chiara Artenio. |
| 260 | |a Roma : |b Castelvecchi, |c 2006 | ||
| 300 | |a 293 p. ; |c 20 cm. | ||
| 650 | 7 | |a Omosessualità femminile | |
| 700 | 1 | |a Artenio, Chiara |0 IT\ICCU\UFEV\266712 | |
| 830 | 3 | |a Le navi ; |v 34 |0 IT\ICCU\RAV\1188393 | |
| 942 | |2 ddc |c BK | ||
| 952 | |0 0 |1 0 |2 ddc |4 0 |6 B_SSA07QUIJEPIU11 |7 0 |9 8771 |a MI |b MI |d 2006-10-26 |i 5236 |l 0 |o B-SSA07-QUIJE-PIU11 |p CDOM5236 |r 2025-07-17 21:50:35 |w 2025-07-17 |x ACQUISTO |y BK | ||
| 952 | |0 0 |1 0 |2 ddc |4 0 |6 B_SSA07QUIJEPIU12 |7 0 |9 8772 |a MI |b MI |d 2012-01-09 |i 6329 |l 0 |o B-SSA07-QUIJE-PIU12 |p CDOM6329 |r 2025-07-17 21:50:35 |w 2025-07-17 |x ACQUISTO |y BK | ||
| 952 | |0 0 |1 0 |2 ddc |4 0 |6 155_340000000000000_QUI_PIU |7 0 |9 9316 |a VT |b VT |d 2025-07-23 |e Donazione Maurizio Gregorini |i B50 |l 0 |o 155.34 QUI PIU |p B50 |r 2025-07-23 19:09:50 |w 2025-07-23 |y BK | ||
| 952 | |0 0 |1 0 |4 0 |6 L_306_766000000000000_QUI |7 0 |9 16601 |a BO |b BO |d 2026-01-15 |i 10786 |l 0 |o L 306.766 QUI |p BO10786 |r 2026-01-15 23:19:24 |w 2026-01-15 |x [Sebina 5] [1 v.] |y BK |z 1 v. | ||
| 999 | |c 7289 |d 7289 | ||